LEADER 00701nam a2200169 i 4500 001 000000063750 003 CaOOAMICUS 005 20220921093424.0 008 130316s1951 xx u000 u mul u 040 $aSeMil$bita 245 10$a1: Congressus Ordo ac Summarium. 300 $aXI, 382 p., 99 p. di tav. 773 0 $aPontificia Accademia Mariana Internazionale$tAlma socia Christi.$dRomae : Pontificia Academia Mariana Internationalis ; Romae : Officium Libri Catholici, 1951-1958.$gVol.1$w()521 850 $aSeMil 852 $aSeMil$W1$xVenegono$y1$m2L V 66$j29903$B29903$CSeMilBibl$Z2$F29906 $81 996 $6245$a1: Congressus Ordo ac Summarium$9(OLS)http://semarc/title/100778 LEADER 01000nam a2200229 i 4500 001 000000081233 003 CaOOAMICUS 005 20180528000000.0 008 180528s1988 xx u000 u eng u 013 $a53473 040 $aSeMil$bita 100 1 $aHirst, Michael.$0(OLS)http://semarc/name/45110 245 10$aMichelangelo draftsman /$cMichael Hirst. 260 $aMilan :$bOlivetti,$ccopyr. 1988. 300 $aIX, 168 p. :$bill. ;$c30 cm. 500 $aNational Gallery of Art, Washington 9 October - 11 December 1988. - Contiene : Bibliography. - In appendix : The "Fortuna" of the Drawings by Alison Wright. 650 4$aBuonarroti, Michelangelo <1475-1564> - Disegni.$0(OLS)http://semarc/subject/18945 850 $aSeMil 852 $aSeMil$W1$xVenegono$y1$m5F X 66$j46517$B46517$CSeMilBibl$Z2$F48832 $81 961 $aOmaggio: Giacomoni Silvia 996 $6245$aMichelangelo draftsman$9(OLS)http://semarc/title/404406 996 $6260$aMilan :$bOlivetti$9(OLS)http://semarc/publisher/44874